Parental bookreading in low income families : differences and similarities between fathers and mothers in frequency and style of reading and the impact on children's language and literacy development /

This thesis presents three studies of parental bookreading in low-income families. The first study examined differences between fathers and mothers in reported frequency of bookreading at child ages 24 and 36 months and in the summer before children entered Kindergarten. This study also looked at di...

Full description

Saved in:
Bibliographic Details
Main Author: Duursma, Anna Elisabeth.
Corporate Author: Harvard University. Graduate School of Education.
Format: Book
Language:English
Published: 2007.
Subjects:
Tags: Add Tag
No Tags, Be the first to tag this record!
LEADER 03282nam a22002535a 4500
001 010962370-3
005 20090515155739.0
008 010202s2007 mau| | b 001|0 eng|d
035 0 |a ocn312630402 
100 1 |a Duursma, Anna Elisabeth. 
245 1 0 |a Parental bookreading in low income families :  |b differences and similarities between fathers and mothers in frequency and style of reading and the impact on children's language and literacy development /  |c A. Elisabeth Duursma. 
260 |c 2007. 
300 |a ix, 152 leaves ;  |c 29 cm. 
500 |a Vita. 
502 |a Thesis (Ed.D.)--Harvard Graduate School of Education, 2007. 
504 |a Includes bibliographical references. 
520 3 |a This thesis presents three studies of parental bookreading in low-income families. The first study examined differences between fathers and mothers in reported frequency of bookreading at child ages 24 and 36 months and in the summer before children entered Kindergarten. This study also looked at differences (e.g., education, race/ethnicity, language) between families where both parents report reading frequently to their toddlers compared to families where only mother reports reading frequently. The second study investigated whether paternal bookreading makes an additional contribution to children's language and literacy, over and above maternal bookreading. The third study examined differences and similarities in style between fathers and mothers when reading to their toddlers. Results indicated that mothers reported reading more frequently to their toddlers than fathers. Furthermore, fathers in families where both parents reported reading regularly to their children were likely to have higher levels of education than fathers in families where only the mother did so. Children in families where two parents read to them had higher scores on measures of cognition and language. Paternal bookreading, in addition to maternal bookreading, predicted children's emergent literacy skills and oral language skills assessed prior to kindergarten entry. Both fathers and mothers actively engaged their children in the bookreading interaction. Fathers used more non-immediate talk (talk related to objects and events outside the book) than mothers did. Fathers were also more likely to help their child decode the text at preK. Mothers on the other hand were more likely to engage their children by eliciting text segments. Both parents engaged in talk about the book itself. 
520 3 |a The findings in this thesis emphasize the importance of including fathers in research studies when examining child development in a family context. Most of the research on bookreading has focused on mothers since they are often still the primary caregiver of the child. The results from these studies demonstrate that fathers do make a difference in children's language and literacy development. More research is needed to investigate fathers' unique contributions to child development. 
650 0 |a Reading (Early childhood) 
650 0 |a Children with social disabilities  |x Books and reading  |v Case studies. 
650 0 |a Children with social disabilities  |x Education  |v Case studies. 
710 2 |a Harvard University.  |b Graduate School of Education.  |t Thesis. 
988 |a 20070904 
906 |0 MH